Hình tượng và tạo hình trong văn hoá dân gian Việt Nam
Nghiên cứu những hình tượng nghệ thuật tiêu biểu trong văn hoá truyền thống Việt Nam; cây tre trong văn hoá dân gian truyền thống; tượng người thờ trong di tích
Enregistré dans:
| Auteur principal: | |
|---|---|
| Format: | Livre |
| Langue: | Undetermined |
| Publié: |
Hà nội
Văn hoá dân tộc
2012
|
| Sujets: | |
| Tags: |
Ajouter un tag
Pas de tags, Soyez le premier à ajouter un tag!
|
| Thư viện lưu trữ: | Trung tâm Học liệu Trường Đại học Cần Thơ |
|---|
| LEADER | 00863nam a2200193Ia 4500 | ||
|---|---|---|---|
| 001 | CTU_179730 | ||
| 008 | 210402s9999 xx 000 0 und d | ||
| 082 | |a 390.09597 | ||
| 082 | |b H103 | ||
| 100 | |a Đinh, Hồng Hải | ||
| 245 | 0 | |a Hình tượng và tạo hình trong văn hoá dân gian Việt Nam | |
| 245 | 0 | |c Đinh Hồng Hải, Trần Gia Linh, Lê Cường | |
| 260 | |a Hà nội | ||
| 260 | |b Văn hoá dân tộc | ||
| 260 | |c 2012 | ||
| 520 | |a Nghiên cứu những hình tượng nghệ thuật tiêu biểu trong văn hoá truyền thống Việt Nam; cây tre trong văn hoá dân gian truyền thống; tượng người thờ trong di tích | ||
| 650 | |a Folklore,Văn hóa dân gian | ||
| 910 | |a Nguyên | ||
| 980 | |a Trung tâm Học liệu Trường Đại học Cần Thơ | ||